01257nam a2200301 i 4500001001000000003000900010005001700019007000300036008004100039020001800080040003000098082002000128110003200148240001800180245010500198264006800303300002700371336002700398337003300425338002800458590002600486910001500512942001300527952014000540952012600680952013200806999001700938000046628DO-SdBNP20250609094031.0ta180314s200- dr 000 0 spa d a9789945906882 aDO-SdBNPbspacBNPHUerda 4axxxxbR426L2221 aRepública Dominicana944710a[Leyes, etc.]10aLey No.140-15. Ley que regula el notariado dominicano e instituye el Colegio Dominicano de Notarios. 1aSanto Domingo :beditor no identificado,cfecha no identificada a36 páginas ;c22 cm. atextobtxt2rdacontent asin mediaciónbn2rdamedia avolumenbnc2rdacarrier aInventariado, 2018/BT aBtavárez 2ddccLF2 00102ddc56708DSaBNPHUbBNPHUcCTd2018-03-14l0oBNPHU DS R426Lp46628-30r2020-06-25te. 3w2020-06-25yLBS1ZPréstamo en sala 00102ddc51708PDaBNPHUbBNPHUcCTd2018-03-14l0oBNPHU PD R426Lp46628-10r2020-06-25w2020-06-25yLF2ZNo se presta 00102ddc51708PDaBNPHUbBNPHUcCTd2018-03-14l0oBNPHU PD R426Lp46628-20r2020-06-25te. 2w2020-06-25yLF2ZNo se presta c46117d46117